[Event "Perth AUS Open"]
[Site "?"]
[Date "2023.01.09"]
[Round "10.26"]
[White "Rafiei Darani, Daryoush"]
[Black "Hardegen, Kathryn"]
[Result "1/2-1/2"]
[WhiteElo "1504"]
[BlackElo "1887"]
[PlyCount "107"]
[EventDate "2023.01.??"]
[EventRounds "11"]
[EventCountry "AUS"]
[SourceVersionDate "2023.01.02"]

1. e4 e6 2. d4 d5 3. e5 c5 4. c3 Nc6 5. Nf3 cxd4 6. cxd4 Qb6 7. Be2 Nh6 8. Bxh6 Qxb2 9. Nbd2 gxh6 10. O-O Bg7 11. Qa4 Qb4 12. Qxb4 Nxb4 13. Bb5+ Nc6 14. Bxc6+ bxc6 15. Rfc1 Kd7 16. Rc2 Ba6 17. Nb3 Bf8 18. Nfd2 Bb4 19. Nc5+ Bxc5 20. Rxc5 Rhc8 21. Nb3 Rc7 22. Rc3 Ke7 23. Na5 Rac8 24. Rac1 Bb5 25. f4 Kd7 26. R1c2 Rg8 27. Kf2 Rg4 28. g3 Rg8 29. Rb2 h5 30. Rb4 Rgc8 31. a4 Ba6 32. Nb3 Ke7 33. Nc5 Bc4 34. f5 exf5 35. Rf3 Rg8 36. Rxf5 h4 37. Nb7 hxg3+ 38. hxg3 Bd3 39. Rf6 Rg6 40. Nc5 Bc4 41. Rxg6 hxg6 42. Rb7 Rxb7 43. Nxb7 Bb3 44. Nc5 Bc2 45. a5 f6 46. exf6+ Kxf6 47. Kf3 Bf5 48. Kf4 g5+ 49. Kf3 Bc2 50. g4 Ke7 51. Kg3 Bd1 52. Kh3 Be2 53. Kg3 Kd6 54. Kh3 1/2-1/2

[Event "Perth AUS Open"]
[Site "?"]
[Date "2023.01.09"]
[Round "10.27"]
[White "Marriott, Max"]
[Black "Janceski, Alex"]
[Result "1/2-1/2"]
[WhiteElo "1533"]
[BlackElo "1821"]
[PlyCount "98"]
[EventDate "2023.01.??"]
[EventRounds "11"]
[EventCountry "AUS"]
[SourceVersionDate "2023.01.02"]

1. d4 d5 2. c4 e6 3. Nc3 Nf6 4. cxd5 exd5 5. Bg5 Be7 6. e3 c6 7. Bd3 Be6 8. Nge2 Nbd7 9. O-O O-O 10. Qc2 h6 11. Bh4 Rc8 12. f3 Re8 13. Nf4 Nf8 14. Nxe6 Nxe6 15. Rad1 Kh8 16. Bf2 a6 17. e4 dxe4 18. Bxe4 Nxe4 19. fxe4 Kg8 20. Kh1 Bf6 21. e5 Be7 22. Qf5 Nc7 23. Be3 Rf8 24. Qg4 Kh7 25. Qe4+ g6 26. Rf3 Kg7 27. Rdf1 Nd5 28. Nxd5 Qxd5 29. Qxd5 cxd5 30. h3 Rc6 31. Bd2 Rc2 32. Bc3 b5 33. a3 a5 34. R3f2 Rxf2 35. Rxf2 b4 36. axb4 axb4 37. Bd2 Rc8 38. Be3 b3 39. Bd2 Rc2 40. Kg1 g5 41. Bc3 f6 42. exf6+ Bxf6 43. Rf5 g4 44. Rxd5 Bg5 45. hxg4 Bd2 46. Rb5 Bxc3 47. bxc3 Rxc3 48. Kh2 Rd3 49. Rb6 Rxd4 1/2-1/2

[Event "Perth AUS Open"]
[Site "?"]
[Date "2023.01.09"]
[Round "10.28"]
[White "Solomontchik, Daniel"]
[Black "Laubbacher, Jamie"]
[Result "0-1"]
[WhiteElo "1452"]
[BlackElo "1797"]
[PlyCount "68"]
[EventDate "2023.01.??"]
[EventRounds "11"]
[EventCountry "AUS"]
[SourceVersionDate "2023.01.02"]

1. d4 Nf6 2. c4 e6 3. Nc3 Bb4 4. Bd2 O-O 5. e3 b6 6. Nf3 Bb7 7. a3 Bxc3 8. Bxc3 Ne4 9. Rc1 d6 10. Bd3 f5 11. O-O Nd7 12. Nd2 Qg5 13. Bxe4 fxe4 14. g3 Nf6 15. Kg2 Ng4 16. Qe2 Rf3 17. d5 Raf8 18. Nxe4 Qf5 19. Nf6+ Rxf6 20. Bxf6 Qh5 21. h3 Nxe3+ 22. fxe3 Rxg3+ 23. Kf2 Rg2+ 24. Kxg2 Qxe2+ 25. Rf2 Qxe3 26. Be7 h5 27. Rcf1 exd5 28. Rf8+ Kh7 29. R1f5 Qxe7 30. cxd5 Bxd5+ 31. Kf2 Kg6 32. Rf4 Qe5 33. R8f5 Qxf5 34. Rxf5 Kxf5 0-1

[Event "Perth AUS Open"]
[Site "?"]
[Date "2023.01.09"]
[Round "10.29"]
[White "Gao, Arthur"]
[Black "Lawes, Alexander"]
[Result "1-0"]
[WhiteElo "1754"]
[BlackElo "1407"]
[PlyCount "81"]
[EventDate "2023.01.??"]
[EventRounds "11"]
[EventCountry "AUS"]
[SourceVersionDate "2023.01.02"]

1. e4 c6 2. d4 d5 3. Nc3 dxe4 4. Nxe4 Nf6 5. Nxf6+ exf6 6. c3 Bd6 7. Bd3 O-O 8. Qc2 h5 9. Ne2 h4 10. h3 Re8 11. O-O Nd7 12. c4 c5 13. d5 Ne5 14. Nc3 Nxd3 15. Qxd3 Be5 16. Be3 b6 17. f4 Bxc3 18. Qxc3 Bf5 19. Bf2 Re2 20. Bxh4 Rc2 21. Qb3 a5 22. a4 Rd2 23. Rf3 Be4 24. Rg3 Qd6 25. Qe3 Rd4 26. b3 Bc2 27. Rf1 Rd3 28. Qf2 Rxg3 29. Qxg3 Re8 30. Rc1 Bxb3 31. Qxb3 Qxf4 32. Re1 Qd4+ 33. Kh1 Rxe1+ 34. Bxe1 Qa1 35. Qe3 Qxa4 36. d6 Kh7 37. Qe4+ g6 38. Qe7 Qxc4 39. d7 a4 40. d8=Q a3 41. Qxf6 1-0

[Event "Perth AUS Open"]
[Site "?"]
[Date "2023.01.09"]
[Round "10.30"]
[White "Can, Ryan"]
[Black "Ong, Celine"]
[Result "1/2-1/2"]
[WhiteElo "1658"]
[BlackElo "1376"]
[PlyCount "62"]
[EventDate "2023.01.??"]
[EventRounds "11"]
[EventCountry "AUS"]
[SourceVersionDate "2023.01.02"]

1. d4 d5 2. c4 e6 3. Nc3 Nf6 4. cxd5 exd5 5. Bg5 c6 6. e3 Be7 7. Qc2 Nbd7 8. Bd3 Nh5 9. Bxe7 Qxe7 10. Nge2 g6 11. O-O O-O 12. Ng3 Nxg3 13. hxg3 f5 14. Rab1 a5 15. a3 Nf6 16. b4 axb4 17. axb4 b5 18. Ne2 Bb7 19. Qc5 Qxc5 20. dxc5 Ra3 21. Rfd1 Ng4 22. Nd4 Ra2 23. Be2 Nf6 24. Bf3 Ra4 25. Rb2 Nd7 26. Bxd5+ cxd5 27. c6 Bxc6 28. Nxc6 Nf6 29. Nd4 Rb8 30. f3 Kf7 31. Rc1 Nd7 1/2-1/2

[Event "Perth AUS Open"]
[Site "?"]
[Date "2023.01.09"]
[Round "10.31"]
[White "Arthur, Matthew"]
[Black "Barry, David"]
[Result "1/2-1/2"]
[WhiteElo "1605"]
[BlackElo "1647"]
[PlyCount "80"]
[EventDate "2023.01.??"]
[EventRounds "11"]
[EventCountry "AUS"]
[SourceVersionDate "2023.01.02"]

1. d4 Nf6 2. Bg5 d5 3. Bxf6 exf6 4. e3 Bd6 5. c4 O-O 6. Nc3 dxc4 7. Bxc4 Re8 8. Nf3 Nc6 9. O-O Qe7 10. Nb5 Bb4 11. a3 Ba5 12. b4 Bb6 13. h3 a5 14. d5 Ne5 15. Nxe5 Qxe5 16. bxa5 Rxa5 17. Qb3 Bd7 18. Rab1 Bxb5 19. Bxb5 Rd8 20. Bc4 Qd6 21. a4 Re8 22. Rfd1 Re5 23. Bb5 Ra8 24. Rd3 Bc5 25. Rbd1 f5 26. g3 Qh6 27. Kg2 Bd6 28. Rd4 b6 29. f4 Re7 30. Qc2 Bc5 31. R4d3 Qf6 32. Re1 Re4 33. Qc3 Qe7 34. Re2 Bb4 35. Qb3 Bd6 36. Qc3 Bc5 37. Bc6 Rd8 38. d6 cxd6 39. Bxe4 Qxe4+ 40. Kh2 Qxa4 1/2-1/2

[Event "Perth AUS Open"]
[Site "?"]
[Date "2023.01.09"]
[Round "10.33"]
[White "Andador, Dominador"]
[Black "Xiao Zhou Ning"]
[Result "1-0"]
[WhiteElo "1886"]
[BlackElo "1583"]
[PlyCount "59"]
[EventDate "2023.01.??"]
[EventRounds "11"]
[EventCountry "AUS"]
[SourceVersionDate "2023.01.02"]

1. Nf3 d5 2. d4 Nf6 3. c4 e6 4. Nc3 Be7 5. Bf4 c6 6. e3 O-O 7. Bd3 b6 8. a3 c5 9. Qc2 cxd4 10. Nxd4 Bb7 11. cxd5 Nxd5 12. Bxh7+ Kh8 13. Be4 Na6 14. Qd1 g6 15. Nxd5 Bxd5 16. Qf3 Bxe4 17. Qxe4 Nc5 18. Qc2 Qd5 19. O-O e5 20. b4 Ne4 21. Nc6 Bf6 22. Rad1 Qb5 23. a4 Qa6 24. b5 Qb7 25. Qxe4 exf4 26. Qxf4 Bg7 27. Rd5 a6 28. Rfd1 axb5 29. axb5 Ra1 30. Qh4+ 1-0

[Event "Perth AUS Open"]
[Site "?"]
[Date "2023.01.09"]
[Round "10.34"]
[White "Stokes, Mark C"]
[Black "Pimenov, Alex"]
[Result "0-1"]
[WhiteElo "1569"]
[BlackElo "1800"]
[PlyCount "74"]
[EventDate "2023.01.??"]
[EventRounds "11"]
[EventCountry "AUS"]
[SourceVersionDate "2023.01.02"]

1. d4 Nf6 2. Bg5 d5 3. Nd2 Bf5 4. c3 e6 5. e3 Nbd7 6. f4 h6 7. Bxf6 Nxf6 8. Ngf3 Be7 9. Ne5 O-O 10. g4 Be4 11. Rg1 Nd7 12. Nxe4 dxe4 13. Nxd7 Bh4+ 14. Kd2 Qxd7 15. g5 f6 16. gxh6 g5 17. Qc2 f5 18. fxg5 c5 19. Rd1 cxd4 20. exd4 Bf2 21. Rg2 e3+ 22. Kc1 Qd5 23. Qb3 f4 24. Qc2 Rf5 25. Bd3 Rxg5 26. Rxg5+ Qxg5 27. h7+ Kh8 28. Qb3 f3 29. Kc2 e2 30. Re1 Bxe1 31. Qxb7 Qd5 32. Qf7 Bh4 33. c4 Qxd4 34. Qb7 e1=N+ 35. Kb3 Qxd3+ 36. Kb4 Qd8 37. Kc3 Bf6+ 0-1

[Event "Perth AUS Open"]
[Site "?"]
[Date "2023.01.09"]
[Round "10.35"]
[White "De Vas, Yonal"]
[Black "Ho, Lachlan"]
[Result "0-1"]
[WhiteElo "1558"]
[BlackElo "1703"]
[PlyCount "80"]
[EventDate "2023.01.??"]
[EventRounds "11"]
[EventCountry "AUS"]
[SourceVersionDate "2023.01.02"]

1. d4 d5 2. c4 c6 3. Nf3 Nf6 4. e3 e6 5. b3 Nbd7 6. Bb2 Bb4+ 7. Nbd2 O-O 8. Bd3 Re8 9. O-O Bd6 10. Qc2 h6 11. e4 dxe4 12. Nxe4 Nxe4 13. Bxe4 Nf6 14. Bd3 Bd7 15. Rfe1 Rc8 16. Rad1 Bb8 17. Ne5 Qc7 18. g3 Rcd8 19. c5 Re7 20. Nc4 Nd5 21. a3 Be8 22. Nd6 Qd7 23. Nxe8 Rdxe8 24. Be4 f5 25. Bxd5 exd5 26. Rxe7 Rxe7 27. Rd3 f4 28. Bc1 Qf5 29. Qc3 Qg4 30. Rf3 Re4 31. Kg2 h5 32. h3 Qg6 33. Qd3 fxg3 34. fxg3 h4 35. Qf1 Bxg3 36. Rf8+ Kh7 37. Qf7 Re2+ 38. Kh1 Re1+ 39. Kg2 Qc2+ 40. Kf3 Qe2# 0-1

[Event "Perth AUS Open"]
[Site "?"]
[Date "2023.01.09"]
[Round "10.36"]
[White "Deng, Eric"]
[Black "Wolstencroft, Alan"]
[Result "1/2-1/2"]
[WhiteElo "1544"]
[BlackElo "1702"]
[PlyCount "57"]
[EventDate "2023.01.??"]
[EventRounds "11"]
[EventCountry "AUS"]
[SourceVersionDate "2023.01.02"]

1. e4 c5 2. Nf3 d6 3. d4 cxd4 4. Nxd4 Nf6 5. Nc3 a6 6. f3 e5 7. Nb3 Be6 8. Be3 Nbd7 9. Nd5 b5 10. c4 Bxd5 11. cxd5 Be7 12. Be2 O-O 13. O-O Rc8 14. Qd2 Nb8 15. Rac1 Qd7 16. Rc3 Rxc3 17. bxc3 Rc8 18. Rc1 Bd8 19. c4 bxc4 20. Bxc4 Qb7 21. Na5 Bxa5 22. Qxa5 Kf8 23. Qa3 Ke7 24. Qd3 Nfd7 25. Rb1 Qc7 26. Rc1 Qb7 27. Rb1 Qc7 28. Rc1 Qb7 29. Rb1 1/2-1/2

[Event "Perth AUS Open"]
[Site "?"]
[Date "2023.01.09"]
[Round "10.38"]
[White "Allison, Brian C"]
[Black "Schiavone, Emmanuel"]
[Result "1-0"]
[WhiteElo "1624"]
[BlackElo "1573"]
[PlyCount "81"]
[EventDate "2023.01.??"]
[EventRounds "11"]
[EventCountry "AUS"]
[SourceVersionDate "2023.01.02"]

1. f4 d5 2. c4 d4 3. Nf3 c5 4. g3 Nc6 5. Bg2 Nf6 6. O-O g6 7. Qa4 Bd7 8. Qb3 Rb8 9. e3 dxe3 10. dxe3 Bg7 11. Nc3 O-O 12. Rd1 Qc8 13. e4 Bg4 14. e5 Nd7 15. Be3 b6 16. h3 Be6 17. Nd5 Re8 18. Ng5 Nf8 19. Qa4 Bd7 20. Qc2 h6 21. Ne4 Bxh3 22. Bf3 Bg4 23. Qg2 Bxf3 24. Qxf3 Ne6 25. Rd2 Ned4 26. Qg2 Qg4 27. Rf1 Rbd8 28. Rdf2 Nf5 29. Bd2 Ncd4 30. Bc3 h5 31. Rd2 h4 32. Bxd4 Nxd4 33. gxh4 Qxh4 34. Rd3 Qh5 35. Re3 Rd7 36. Rh3 Qf5 37. Ne3 Qe6 38. Ng5 Qc6 39. Qh2 f6 40. Rh8+ Bxh8 41. Qh7+ 1-0

[Event "Perth AUS Open"]
[Site "?"]
[Date "2023.01.09"]
[Round "10.39"]
[White "Li, Ian"]
[Black "Hernandez Mendez, Iker"]
[Result "1-0"]
[WhiteElo "1341"]
[BlackElo "1611"]
[PlyCount "75"]
[EventDate "2023.01.??"]
[EventRounds "11"]
[EventCountry "AUS"]
[SourceVersionDate "2023.01.02"]

1. e4 c5 2. Nf3 d6 3. d4 cxd4 4. Nxd4 Nf6 5. Nc3 g6 6. Be3 Bg7 7. f3 O-O 8. Qd2 Nc6 9. O-O-O d5 10. exd5 Nxd5 11. Nxc6 bxc6 12. Bd4 e5 13. Bc5 Be6 14. Ne4 Re8 15. h4 Qc7 16. Bc4 Red8 17. Qf2 Nf4 18. Bxe6 Nxe6 19. Ba3 Qa5 20. Kb1 Rab8 21. Rxd8+ Rxd8 22. Qe3 f5 23. Qb3 Qd5 24. Qxd5 cxd5 25. Nc5 Nxc5 26. Bxc5 a6 27. h5 Kf7 28. hxg6+ Kxg6 29. Rh4 e4 30. c3 Bf6 31. Rh1 h5 32. Rd1 Kg5 33. Be3+ f4 34. Bb6 Rd6 35. Bc5 Rd8 36. Bb6 Rb8 37. Rxd5+ Kh4 38. Bf2# 1-0

[Event "Perth AUS Open"]
[Site "?"]
[Date "2023.01.09"]
[Round "10.40"]
[White "Yeung, Evan"]
[Black "Umasankar, Naveen Ramnat"]
[Result "0-1"]
[WhiteElo "1608"]
[BlackElo "1573"]
[PlyCount "58"]
[EventDate "2023.01.??"]
[EventRounds "11"]
[EventCountry "AUS"]
[SourceVersionDate "2023.01.02"]

1. e4 e6 2. d4 d5 3. Nd2 dxe4 4. Nxe4 Nf6 5. Nxf6+ gxf6 6. Nf3 Nc6 7. Bf4 b6 8. g3 Bb7 9. c3 e5 10. Be3 exd4 11. cxd4 Bb4+ 12. Bd2 Qe7+ 13. Be2 Nxd4 14. Nxd4 Bxh1 15. Qa4+ Qd7 16. Qxb4 c5 17. Qb3 cxd4 18. Rc1 O-O 19. Bb5 Qe6+ 20. Qxe6 fxe6 21. Ke2 Bd5 22. b3 Rac8 23. Bc4 Bxc4+ 24. bxc4 e5 25. Kd3 Kf7 26. Ke4 Ke6 27. g4 Rc6 28. f4 Rfc8 29. Kd3 b5 0-1

[Event "Perth AUS Open"]
[Site "?"]
[Date "2023.01.09"]
[Round "10.42"]
[White "Manganas, Alexander"]
[Black "Stewart, Clint"]
[Result "1-0"]
[WhiteElo "1155"]
[BlackElo "1799"]
[PlyCount "67"]
[EventDate "2023.01.??"]
[EventRounds "11"]
[EventCountry "AUS"]
[SourceVersionDate "2023.01.02"]

1. e4 b6 2. d4 Bb7 3. Nc3 e6 4. Bd3 Bb4 5. a3 Bxc3+ 6. bxc3 Nf6 7. Qe2 d5 8. e5 Ne4 9. Qg4 Rg8 10. f3 Nxc3 11. Bxh7 Rh8 12. Bg5 Qd7 13. Bd3 Na4 14. Bc1 Nc6 15. Ne2 a6 16. Qxg7 O-O-O 17. Bh7 f5 18. Qxd7+ Rxd7 19. Bg6 Rg7 20. Nf4 Nxd4 21. Kd2 c5 22. h4 Nc6 23. h5 Nxe5 24. Nxe6 Nc4+ 25. Ke2 Nc3+ 26. Kd3 Rxg6 27. hxg6 Rxh1 28. g7 Ne5+ 29. Kxc3 d4+ 30. Kd2 Nc4+ 31. Ke2 Bxf3+ 32. Kf2 Kd7 33. g8=Q Ne5 34. gxf3 1-0

[Event "Perth AUS Open"]
[Site "?"]
[Date "2023.01.09"]
[Round "10.46"]
[White "De Jong, Sjef"]
[Black "Wolffs, Walter"]
[Result "1-0"]
[WhiteElo "1593"]
[BlackElo "1383"]
[PlyCount "101"]
[EventDate "2023.01.??"]
[EventRounds "11"]
[EventCountry "AUS"]
[SourceVersionDate "2023.01.02"]

1. e4 c5 2. Nf3 d6 3. Nc3 g6 4. d3 Bg7 5. Be2 Nd7 6. Rb1 Ngf6 7. h3 a6 8. O-O O-O 9. Be3 Qc7 10. Nd5 Nxd5 11. exd5 Nf6 12. c4 Bf5 13. Nh4 Bd7 14. g4 e6 15. dxe6 Bxe6 16. f4 Qe7 17. Ng2 Rad8 18. f5 Bc8 19. g5 Ne8 20. f6 Nxf6 21. gxf6 Bxf6 22. Bg4 Bd7 23. Qf3 Bg7 24. Qxb7 f5 25. Bf3 Rb8 26. Qxa6 f4 27. Bxf4 Rxf4 28. Bd5+ Kh8 29. Rxf4 Bd4+ 30. Rxd4 cxd4 31. Re1 Qg5 32. Qxd6 Rd8 33. Qe5+ Qxe5 34. Rxe5 Bxh3 35. b4 Bf5 36. Be4 Bg4 37. a4 Kg7 38. a5 Kf6 39. Rd5 Rb8 40. b5 Be6 41. Rc5 Ke7 42. a6 Kd6 43. Rc6+ Ke5 44. Rxe6+ Kxe6 45. a7 Rd8 46. a8=Q Rxa8 47. Bxa8 Kd6 48. Be4 Kc5 49. Nf4 Kb6 50. Ne6 Ka5 51. Nxd4 1-0

[Event "Perth AUS Open"]
[Site "?"]
[Date "2023.01.09"]
[Round "10.48"]
[White "Raptis, Liam"]
[Black "Yu Leiming"]
[Result "1/2-1/2"]
[WhiteElo "1436"]
[BlackElo "1511"]
[PlyCount "84"]
[EventDate "2023.01.??"]
[EventRounds "11"]
[EventCountry "AUS"]
[SourceVersionDate "2023.01.02"]

1. d4 d5 2. c4 c6 3. Nc3 Nf6 4. Nf3 e6 5. a3 Nbd7 6. Bf4 Be7 7. e3 Nh5 8. Bg3 O-O 9. Qc2 Nxg3 10. hxg3 h6 11. Bd3 dxc4 12. Bxc4 b5 13. Bd3 a6 14. Ne4 Qa5+ 15. Ke2 Qc7 16. Rac1 Bb7 17. b4 Rac8 18. Nc5 Nf6 19. Ne5 Bxc5 20. Qxc5 Nd7 21. Nxd7 Qxd7 22. Be4 Rfe8 23. Rhd1 Qc7 24. Bf3 Qb8 25. Qb6 Qc7 26. Qxc7 Rxc7 27. Rc5 Rd8 28. Rdc1 Rdc8 29. e4 Rd7 30. d5 exd5 31. exd5 Re8+ 32. Kf1 cxd5 33. Rc7 Ree7 34. R7c5 Kf8 35. Bg4 Rd8 36. Bc8 Bxc8 37. Rxc8 Ree8 38. Rxd8 Rxd8 39. Rc6 Ra8 40. Rd6 Ke7 41. Rxd5 Rc8 42. Rd3 Ke6 1/2-1/2

[Event "Perth AUS Open"]
[Site "?"]
[Date "2023.01.09"]
[Round "10.49"]
[White "De Rooy, Jack"]
[Black "Gunawan, Marco"]
[Result "0-1"]
[WhiteElo "1242"]
[BlackElo "1507"]
[PlyCount "90"]
[EventDate "2023.01.??"]
[EventRounds "11"]
[EventCountry "AUS"]
[SourceVersionDate "2023.01.02"]

1. d4 Nf6 2. Bf4 g6 3. Nc3 Bg7 4. Qd2 O-O 5. e4 d6 6. f3 Nbd7 7. g4 e5 8. dxe5 dxe5 9. Bh6 Nxg4 10. Bxg7 Qh4+ 11. Kd1 Nf2+ 12. Kc1 Kxg7 13. Nge2 Nxh1 14. Bg2 Qxh2 15. Bxh1 Qxh1+ 16. Nd1 Qxf3 17. b3 Nc5 18. Kb2 Nxe4 19. Qe1 Bf5 20. Ndc3 Qf2 21. Nxe4 Qxe1 22. Rxe1 Bxe4 23. Nc3 f5 24. Nxe4 fxe4 25. Rxe4 Rae8 26. c4 Rf2+ 27. Ka3 c5 28. b4 cxb4+ 29. Kxb4 Rxa2 30. c5 Rd2 31. Kb5 Rd4 32. Re3 Re6 33. Ra3 a6+ 34. Ka5 Rc4 35. Rb3 Rxc5+ 36. Kb4 Rb5+ 37. Ka3 Rxb3+ 38. Kxb3 Rc6 39. Kb4 e4 40. Kb3 e3 41. Kb4 e2 42. Kb3 e1=Q 43. Kb2 Qb4+ 44. Ka2 Rc5 45. Ka1 Ra5# 0-1

[Event "Perth AUS Open"]
[Site "?"]
[Date "2023.01.09"]
[Round "10.50"]
[White "Moseley, Paul"]
[Black "Brown, Greg"]
[Result "1/2-1/2"]
[WhiteElo "1357"]
[BlackElo "1312"]
[PlyCount "75"]
[EventDate "2023.01.??"]
[EventRounds "11"]
[EventCountry "AUS"]
[SourceVersionDate "2023.01.02"]

1. d4 Nf6 2. Nf3 g6 3. c4 Bg7 4. Nc3 d6 5. e4 Bg4 6. Be3 O-O 7. Be2 Nbd7 8. Qd2 Bxf3 9. Bxf3 e5 10. d5 Qe7 11. O-O-O b6 12. g4 Nc5 13. g5 Ne8 14. h4 f6 15. h5 fxg5 16. Bxg5 Bf6 17. Bh6 Bg7 18. Rh3 Bxh6 19. Qxh6 Qg7 20. Qe3 Rf4 21. hxg6 hxg6 22. Rg1 Nd7 23. Rhg3 Nf8 24. Bh5 Rf6 25. Qd2 Kf7 26. Nd1 Qh7 27. Bg4 Ke7 28. Rh3 Qf7 29. Rgh1 Ng7 30. f3 c6 31. Ne3 c5 32. b3 Rb8 33. Kc2 Kd8 34. Kd3 Kc7 35. a4 a5 36. Nd1 Rd8 37. Nc3 Kb7 38. Nb5 1/2-1/2

[Event "Perth AUS Open"]
[Site "?"]
[Date "2023.01.09"]
[Round "10.52"]
[White "De Rooy, Samuel"]
[Black "McCarrick, Clare"]
[Result "1-0"]
[WhiteElo "1317"]
[BlackElo "1488"]
[PlyCount "81"]
[EventDate "2023.01.??"]
[EventRounds "11"]
[EventCountry "AUS"]
[SourceVersionDate "2023.01.02"]

1. d4 Nf6 2. Bf4 d6 3. e3 g6 4. Nf3 Bg7 5. Nbd2 Nbd7 6. c3 c5 7. Be2 O-O 8. O-O cxd4 9. exd4 Re8 10. Qb3 Nb6 11. Rac1 Be6 12. c4 Rc8 13. d5 Bg4 14. Qa3 a6 15. b3 Qd7 16. Rfd1 Qf5 17. Be3 e5 18. Bxb6 e4 19. Nd4 Qh5 20. Re1 Bxe2 21. Nxe2 Ng4 22. h3 Be5 23. hxg4 Qh2+ 24. Kf1 Qh1+ 25. Ng1 Bh2 26. Ke2 Qxg2 27. Be3 Qxg4+ 28. f3 exf3+ 29. Ngxf3 Re7 30. Kd3 Bg3 31. Rg1 Qf5+ 32. Ke2 Bf4 33. Nf1 Rce8 34. Rc3 Bxe3 35. Rxe3 Qc2+ 36. N3d2 f5 37. Qxd6 Kf7 38. Rxe7+ Rxe7+ 39. Ne3 b5 40. Rh1 Kf8 41. Rxh7 1-0

[Event "Perth AUS Open"]
[Site "?"]
[Date "2023.01.11"]
[Round "11.1"]
[White "Kuybokarov, Temur"]
[Black "Rice, Leah"]
[Result "1-0"]
[WhiteElo "2558"]
[BlackElo "1403"]
[PlyCount "69"]
[EventDate "2023.01.??"]
[EventRounds "11"]
[EventCountry "AUS"]
[SourceVersionDate "2023.01.02"]

1. e4 c6 2. d4 d5 3. e5 Bf5 4. Nf3 e6 5. Be2 c5 6. Be3 c4 7. b3 cxb3 8. axb3 Bb4+ 9. Nfd2 Nc6 10. O-O Nge7 11. c3 Ba5 12. b4 Bc7 13. Nb3 O-O 14. Nc5 b6 15. Na6 f6 16. f4 fxe5 17. dxe5 Ng6 18. Na3 Nb8 19. Nxc7 Qxc7 20. Nb5 Qb7 21. c4 dxc4 22. Nd6 Qc7 23. Bxc4 Kh8 24. Rc1 Qe7 25. g4 Nd7 26. gxf5 exf5 27. Bd5 Rad8 28. Rc7 h6 29. Rxa7 Kh7 30. Bc6 Qe6 31. Qd5 Qxd5 32. Bxd5 h5 33. Be6 Nb8 34. b5 Nh4 35. Bxb6 1-0

[Event "Perth AUS Open"]
[Site "?"]
[Date "2023.01.11"]
[Round "11.2"]
[White "Tin Jingyao"]
[Black "Stojic, Dusan"]
[Result "1-0"]
[WhiteElo "2598"]
[BlackElo "2219"]
[PlyCount "97"]
[EventDate "2023.01.??"]
[EventRounds "11"]
[EventCountry "AUS"]
[SourceVersionDate "2023.01.02"]

1. d4 Nf6 2. c4 e6 3. Nf3 b6 4. g3 Bb7 5. Bg2 Bb4+ 6. Bd2 a5 7. O-O O-O 8. Bf4 Be7 9. Nc3 Ne4 10. Bd2 d5 11. cxd5 exd5 12. Rc1 Nxd2 13. Qxd2 Nd7 14. Rfd1 Re8 15. Ne5 Nxe5 16. dxe5 c6 17. e4 Bc5 18. exd5 cxd5 19. Qf4 Qe7 20. Bxd5 Bxd5 21. Rxd5 Rad8 22. Rcd1 Rxd5 23. Rxd5 Qe6 24. Qf3 f6 25. exf6 Rf8 26. Rf5 g6 27. Qd5 Qxd5 28. Rxd5 Rxf6 29. Ne4 Rc6 30. Nxc5 bxc5 31. a4 Rc8 32. Rd7 c4 33. Rd5 Ra8 34. Rc5 Rb8 35. Rxc4 Rxb2 36. Rc5 Ra2 37. Rxa5 Kg7 38. Ra7+ Kg8 39. h4 Ra1+ 40. Kg2 Ra2 41. a5 h5 42. a6 Kf8 43. Kf3 Ke8 44. Ke4 Kf8 45. Ke5 Re2+ 46. Kf6 Rxf2+ 47. Kxg6 Ra2 48. Kxh5 Ra5+ 49. Kg6 1-0

[Event "Perth AUS Open"]
[Site "?"]
[Date "2023.01.11"]
[Round "11.3"]
[White "Morris, James"]
[Black "Qi, Mars"]
[Result "1/2-1/2"]
[WhiteElo "2456"]
[BlackElo "2087"]
[PlyCount "69"]
[EventDate "2023.01.??"]
[EventRounds "11"]
[EventCountry "AUS"]
[SourceVersionDate "2023.01.02"]

1. e4 Nf6 2. e5 Nd5 3. d4 d6 4. Nf3 g6 5. c4 Nb6 6. exd6 cxd6 7. h3 Bg7 8. Nc3 Nc6 9. Be2 O-O 10. O-O Bf5 11. d5 Na5 12. Nd4 Naxc4 13. Nxf5 gxf5 14. a4 a5 15. Bd3 Qd7 16. Re1 Rac8 17. Qh5 e6 18. Bh6 Ne5 19. Rad1 Nbc4 20. Bxc4 Rxc4 21. Bxg7 Kxg7 22. dxe6 Qxe6 23. Nd5 Qg6 24. Qxg6+ hxg6 25. b3 Rc5 26. f4 Nc6 27. g4 fxg4 28. hxg4 b5 29. g5 bxa4 30. bxa4 Nd8 31. Nf6 Rc4 32. Ne8+ Kg8 33. Nf6+ Kg7 34. Ne8+ Kg8 35. Nf6+ 1/2-1/2

[Event "Perth AUS Open"]
[Site "?"]
[Date "2023.01.11"]
[Round "11.4"]
[White "Liu, Yi"]
[Black "Johansen, Darryl K"]
[Result "0-1"]
[WhiteElo "2303"]
[BlackElo "2360"]
[PlyCount "106"]
[EventDate "2023.01.??"]
[EventRounds "11"]
[EventCountry "AUS"]
[SourceVersionDate "2023.01.02"]

1. d4 Nf6 2. Bf4 d6 3. Nc3 c6 4. e4 Qa5 5. Qd2 e5 6. Bg3 Nbd7 7. Nf3 Be7 8. Bd3 O-O 9. O-O Re8 10. a4 Bf8 11. Rfe1 h6 12. h3 Qc7 13. a5 Rb8 14. Ne2 a6 15. c3 g6 16. Bc2 Bg7 17. Nc1 Nh5 18. Bh2 Nf8 19. Nd3 g5 20. dxe5 dxe5 21. Nxg5 hxg5 22. Qxg5 Nf6 23. Bxe5 Rxe5 24. Qxe5 Qxe5 25. Nxe5 Be6 26. g4 Bh6 27. Kg2 Bf4 28. Nd3 Bc7 29. f4 Bc4 30. e5 Nd5 31. Ra4 b5 32. axb6 Nxb6 33. Raa1 Ne6 34. Kg3 Nd5 35. f5 Bxd3 36. Bxd3 Nc5 37. Bc4 Rxb2 38. Kh4 Nf4 39. Bf1 Ncd3 40. Bxd3 Nxd3 41. Re3 Nxe5 42. Rxa6 Rf2 43. Ra7 Bd6 44. Rb7 Kg7 45. Kh5 Rf4 46. Rb1 Nd7 47. Rb7 Nf6+ 48. Kh4 Nd5 49. Rd3 Re4 50. Ra7 Re8 51. Rf3 Nf6 52. Ra4 Rh8+ 53. Kg5 Ne4+ 0-1

[Event "Perth AUS Open"]
[Site "?"]
[Date "2023.01.10"]
[Round "11.7"]
[White "Chinbat, Chinguun"]
[Black "Fu Yihe, Rebo"]
[Result "1/2-1/2"]
[WhiteElo "1787"]
[BlackElo "2149"]
[PlyCount "77"]
[EventDate "2023.01.??"]
[EventRounds "11"]
[EventCountry "AUS"]
[SourceVersionDate "2023.01.02"]

1. d4 d5 2. c4 e6 3. Nf3 Nf6 4. Nc3 Bb4 5. e3 O-O 6. Bd3 Nbd7 7. O-O dxc4 8. Bxc4 c5 9. a3 Ba5 10. Na4 cxd4 11. Nxd4 a6 12. Be2 e5 13. Nb3 Bc7 14. Nc3 e4 15. Qc2 Qe7 16. Rd1 Qe5 17. g3 Re8 18. a4 Nf8 19. Nd2 Bh3 20. b3 Rac8 21. Bb2 Qf5 22. Ndxe4 Nxe4 23. Bd3 Bg4 24. Bxe4 Bxd1 25. Rxd1 Qh5 26. Bxb7 Rb8 27. Bxa6 Be5 28. Be2 Qh3 29. Bf1 Qh5 30. Be2 Qh6 31. Nb5 Rbc8 32. Bc4 Bxb2 33. Qxb2 Rc6 34. Qd2 Rf6 35. a5 Qh3 36. Bf1 Qh5 37. Be2 Qf5 38. Bd3 Qh3 39. Bf1 1/2-1/2

[Event "Perth AUS Open"]
[Site "?"]
[Date "2023.01.11"]
[Round "11.8"]
[White "Hare, Tim"]
[Black "Kargosha, Bahman"]
[Result "0-1"]
[WhiteElo "2017"]
[BlackElo "2096"]
[PlyCount "77"]
[EventDate "2023.01.??"]
[EventRounds "11"]
[EventCountry "AUS"]
[SourceVersionDate "2023.01.02"]

1. Nf3 d5 2. g3 c6 3. Bg2 Bg4 4. d3 Nd7 5. Nbd2 Ngf6 6. O-O e5 7. e4 Bd6 8. Qe1 O-O 9. h3 Bh5 10. Nh4 Re8 11. Nf5 Bf8 12. g4 Bg6 13. Ng3 h6 14. Nb3 dxe4 15. dxe4 a5 16. a4 Nc5 17. Nxc5 Bxc5 18. Bd2 Qb6 19. Bc3 Nd7 20. Rd1 Nf8 21. Nf5 Bb4 22. Nd6 Re7 23. Nc4 Qc5 24. Bxb4 axb4 25. b3 Ne6 26. Qe3 Qxe3 27. Nxe3 Nd4 28. f3 Rd8 29. Kf2 f6 30. h4 Red7 31. Bh3 Nxc2 32. Rxd7 Rxd7 33. Nxc2 Rd2+ 34. Ke3 Rxc2 35. Rd1 Rb2 36. Rd8+ Kh7 37. h5 Rxb3+ 38. Kf2 Bxe4 39. Bf1 0-1